Obnova sociálního smíru tripartitním dialogem
Tripartita - dôležitý nástroj na udržanie sociálneho zmieru. Súčasné systémy celoštátnej účasti zástupcov pracovníkov a zamestnancov pri praktickom uskutočňovaní vládnej politiky. Tripartitná spolupráca dosiaľ neprekračuje národnú úroveň.
Salvato in:
| Natura: | Capitolo di libro |
|---|---|
| Lingua: | ceco |
| Soggetti: | |
| Tags: |
Nessun Tag, puoi essere il primo ad aggiungerne!!
|
MARC
| LEADER | 00000naa a2200000 4500 | ||
|---|---|---|---|
| 001 | r018876 | ||
| 005 | 20221208131348.7 | ||
| 041 | 0 | |a cze | |
| 044 | |a CZ | ||
| 245 | 1 | 0 | |a Obnova sociálního smíru tripartitním dialogem |
| 520 | |a Tripartita - dôležitý nástroj na udržanie sociálneho zmieru. Súčasné systémy celoštátnej účasti zástupcov pracovníkov a zamestnancov pri praktickom uskutočňovaní vládnej politiky. Tripartitná spolupráca dosiaľ neprekračuje národnú úroveň. | ||
| 610 | 2 | 0 | |a tripartita |
| 610 | 2 | 0 | |a zmier sociálny |
| 610 | 2 | 0 | |a MOP |
| 610 | 2 | 0 | |a zamestnávatelia |
| 610 | 2 | 0 | |a zamestnanci |
| 610 | 2 | 0 | |a odbory |
| 610 | 2 | 0 | |a Európska únia |
| 610 | 2 | 0 | |a spolurozhodovanie |